00411nam a22001097a 4500008004100000050001300041100002200054245008900076260007700165300000900242856005000251180319b ||||| |||| 00| 0 eng d aMUN 2005 aMunson, Robert B. aThe Landscape of German Colonialism: Mt. Kilimanjaro and Mt. Meru, Ca. 1890 – 1916 aPhD thesisbBoston University Graduate School of Arts and Sciencesc2005 a614p 3Thesis Bankuhttp://thesisbank.jhia.ac.ke/67/